1244 1335 1940 1702 1851 1776 1671 1481 1688 1499 1114 1575 1320 1707 1497 1413 1005 1709 1646 1838 1834 1740 1492 1285 1391 1738 1456 1282 1178 1804 1802 1417 1966 1753 1536 1107 1204 1876 1068 1878 1945 1965 1929 1176 1237 1782 1198 1846 1324 1776 1189 1229 1730 1090 1265 1257 1584 1611 1470 1619 1769 1745 1600 1131 1188 1784 1790 1771 1118 1318 1830 1595 1799 1926 1994 1976 1946 1730 1311 1470 1769 1877 1268 1078 1509 1772 1974 1752 1572 1041 1222 1328 1738 1714 1920 1549 1439 1247 1073 BCNSPRNW ULIB Ver.6.0+V

เปลี่ยนเป็นภาษาไทย

Change to English
 แสดงรายละเอียดบรรณานุกรม
  กลับหน้าหลัก

Brief Record : Get Marc (ISO 2709) : E-mail record : QR code < ปิดหน้าต่าง
LEADER : 00000nam 2200000uu 4500
001    13399128955
003     ULIB
008    241101s2563||||th 000 0 tha d
020    ^a9786164434349
060 04 ^aWY20.5^bม124ก
100 0  ^aมณี อาภานันทิกุล
245 10 ^aการวิจัยปรากฏการณ์วิทยา :^bการประยุกต์ใช้ในการวิจัยทางการพยาบาล /^cมณีอาภานันทิกุล
246 31 ^aPhenomenology : an application in nursing research
250    ^aพิมพ์ครั้งที่ 1
260    ^aกรุงเทพฯ :^bโครงการตำรารามาธิบดีคณะแพทยศาสตร์โรงพยาบาลรามาธิบดี มหาวิทยามหิดล,^c2563
300    ^aix, 284 หน้า :^bภาพประกอบ ;^c27 ซม.
650  2 ^aPhenomenology
650  2 ^aNursing^xResearch
650  4 ^aปรากฏการณ์วิทยา
650  4 ^aการพยาบาล^vวิจัย
710 2  ^aมหาวิทยามหิดล.^bคณะแพทยศาสตร์โรงพยาบาลรามาธิบดี
856    ^a^zสารบัญ^uhttps://drive.google.com/file/d/1jAR-_9_oYfdUAJaSKTYSPQjejHyDVI0J/view?usp=share_link
945    ^p300^l0^i30364
945    ^p300^l0^i30365
999    ^aกัณชพร จุลอักษร
รายการนี้ยังไม่มีแท็ก
คุณยังไม่ได้ล็อกอิน คุณสามารถมีกิจกรรมร่วมกับเว็บไซต์ได้ แต่ต้องล็อกอินก่อน ::
  ล็อกอิน

รายการสื่อสารสนเทศ

ลำดับที่ ประเภท เลขเรียก/บาร์โค้ด สถานที่ สถานะ
1. วิทยาศาสตร์การแพทย์ และสุขภาพ
วิทยาศาสตร์การแพทย์ และสุขภาพ
WY20.5 ม124ก ฉ.1 
  Barcode: 30364
ห้องสมุดวิทยาเขตนครสวรรค์
►หนังสือทั่วไป:l:General Books
บนชั้น
2. วิทยาศาสตร์การแพทย์ และสุขภาพ
วิทยาศาสตร์การแพทย์ และสุขภาพ
WY20.5 ม124ก ฉ.2 
  Barcode: 30365
ห้องสมุดวิทยาเขตนครสวรรค์
►หนังสือทั่วไป:l:General Books
บนชั้น

รายการใกล้เคียง
    ผู้แต่ง [มณี อาภานันทิกุล]

    หัวเรื่อง [Phenomenology]
    หัวเรื่อง [Nursing Research]
    หัวเรื่อง [ปรากฏการณ์วิทยา]

BibComment


ยังไม่เคยถูกคอมเมนท์

คอมเมนท์ทรัพยากรรายการนี้
  คอมเมนท์: การวิจัยปรากฏการ..


 Copyright 2026. Bcnsprnw @Library